UBT Library

OSIRIS THE CHEMICAL REVOLUTION (Record no. 58972)

000 -LEADER
fixed length control field 00328nam a22001457a 4500
008 - FIXED-LENGTH DATA ELEMENTS--GENERAL INFORMATION
fixed length control field 221121b ||||| |||| 00| 0 eng d
020 ## - INTERNATIONAL STANDARD BOOK NUMBER
International Standard Book Number 0934235112
041 ## - LANGUAGE CODE
Language code of text/sound track or separate title eng
080 ## - UNIVERSAL DECIMAL CLASSIFICATION NUMBER
Edition identifier VOLUME 4
Universal Decimal Classification number 94
082 ## - DEWEY DECIMAL CLASSIFICATION NUMBER
Classification number 94 DON
100 ## - Rafti
Rafti 28
101 ## - Shkurtesa
Shkurtesa HIS
245 ## - TITLE STATEMENT
Title OSIRIS THE CHEMICAL REVOLUTION
Statement of responsibility, etc DONOVAN A
942 ## - ADDED ENTRY ELEMENTS (KOHA)
Source of classification or shelving scheme
Item type Books
Holdings
Withdrawn status Lost status Source of classification or shelving scheme Damaged status Not for loan Collection code Permanent location Current location Date acquired Total Checkouts Full call number Barcode Date last seen Price effective from Koha item type
          Koleksioni i përgjithshem UBT - Lipjan UBT - Lipjan 11/21/2022   94 DON 002-800028700260768 11/21/2022 11/21/2022 Books
UBT Library © 2015-2024. All rights reserved University Education for Business and Technology